| 000 | 00377nam a2200145Ia 4500 | ||
|---|---|---|---|
| 008 | 211109s9999||||xx |||||||||||||| ||und|| | ||
| 082 |
_a425 _bHER-B |
||
| 100 | _aHerzberg, Max | ||
| 245 | 0 | _aBetter English | |
| 260 |
_bGinn and Company _aNew York _c1943 |
||
| 300 | _a400p. | ||
| 630 | _xGeneral Stack | ||
| 650 |
_aEnglish language _vLanguage arts _xGeneralia |
||
| 942 | _cBOOK | ||
| 999 |
_c22955 _d22955 |
||